[Event "European Women's Championship"]
[Site "Vysoke Tatry"]
[Date "2018.04.12"]
[Round "5"]
[White "Charochkina, Daria"]
[Black "Javakhishvili, Lela"]
[Result "1/2-1/2"]
[Board "14"]
[WhiteElo "2326"]
[WhiteTitle "IM"]
[WhiteCountry "RUS"]
[WhiteFideId "4180917"]
[WhiteEloChange "4"]
[BlackElo "2467"]
[BlackTitle "IM"]
[BlackCountry "GEO"]
[BlackFideId "13601458"]
[BlackEloChange "-2"]

1. d4 {[%clk 1:30:57]} Nf6 {[%clk 1:30:52]} 2. c4 {[%clk 1:31:04]} g6 {[%clk
1:31:05]} 3. g3 {[%clk 1:30:59]} c5 {[%clk 1:29:55]} 4. Nf3 {[%clk 1:31:08]} Bg7
{[%clk 1:30:10]} 5. Bg2 {[%clk 1:31:03]} O-O {[%clk 1:30:28]} 6. Nc3 {[%clk
1:30:18]} cxd4 {[%clk 1:28:41]} 7. Nxd4 {[%clk 1:30:35]} Qc7 {[%clk 1:28:39]} 8.
b3 {[%clk 1:26:46]} d5 {[%clk 1:28:04]} 9. Ndb5 {[%clk 1:22:22]} Qa5 {[%clk
1:12:10]} 10. Bd2 {[%clk 1:22:36]} dxc4 {[%clk 1:12:28]} 11. bxc4 {[%clk
1:22:48]} a6 {[%clk 1:12:18]} 12. Nd5 {[%clk 1:14:37]} Qd8 {[%clk 1:12:39]} 13.
Nbc3 {[%clk 1:11:36]} Nc6 {[%clk 0:48:48]} 14. O-O {[%clk 1:10:43]} Nd7 {[%clk
0:49:13]} 15. Rb1 {[%clk 0:45:40]} e6 {[%clk 0:48:38]} 16. Nb4 {[%clk 0:46:01]}
Na5 {[%clk 0:46:18]} 17. Ne4 {[%clk 0:44:39]} Nxc4 {[%clk 0:45:58]} 18. Bg5
{[%clk 0:44:40]} Qa5 {[%clk 0:41:03]} 19. Qc1 {[%clk 0:39:57]} Na3 {[%clk
0:39:30]} 20. Nc6 {[%clk 0:39:57]} bxc6 {[%clk 0:39:04]} 21. Bd2 {[%clk 0:32:58]}
Qc7 {[%clk 0:32:55]} 22. Qxa3 {[%clk 0:33:22]} a5 {[%clk 0:32:23]} 23. Rfc1
{[%clk 0:25:02]} Ne5 {[%clk 0:32:35]} 24. f4 {[%clk 0:22:28]} Ng4 {[%clk
0:32:35]} 25. h3 {[%clk 0:21:35]} Qa7+ {[%clk 0:32:00]} 26. e3 {[%clk 0:21:50]}
Nh6 {[%clk 0:24:01]} 27. Rxc6 {[%clk 0:21:57]} Nf5 {[%clk 0:22:56]} 28. Nd6
{[%clk 0:07:25]} Qe7 {[%clk 0:11:09]} 29. Qc5 {[%clk 0:07:27]} Nxd6 {[%clk
0:11:01]} 30. Qxd6 {[%clk 0:07:29]} Qxd6 {[%clk 0:11:06]} 31. Rxd6 {[%clk
0:07:55]} Ra7 {[%clk 0:11:28]} 32. Rb5 {[%clk 0:06:55]} a4 {[%clk 0:11:43]} 33.
Bb4 {[%clk 0:06:47]} Bf6 {[%clk 0:08:56]} 34. Rdb6 {[%clk 0:06:28]} Be7 {[%clk
0:08:21]} 35. Bxe7 {[%clk 0:06:26]} Rxe7 {[%clk 0:08:50]} 36. Ra5 {[%clk
0:06:18]} e5 {[%clk 0:08:07]} 37. Rxa4 {[%clk 0:04:00]} exf4 {[%clk 0:08:30]} 38.
exf4 {[%clk 0:04:26]} Re2 {[%clk 0:08:17]} 39. Bf1 {[%clk 0:03:13]} Rd2 {[%clk
0:07:11]} 40. Ra8 {[%clk 0:30:33]} Be6 {[%clk 0:37:00]} 41. Rbb8 {[%clk 0:23:26]}
Rxb8 {[%clk 0:37:21]} 42. Rxb8+ {[%clk 0:23:53]} Kg7 {[%clk 0:37:47]} 43. a4
{[%clk 0:24:09]} Ra2 {[%clk 0:37:10]} 44. Ra8 {[%clk 0:22:17]} Ra1 {[%clk
0:36:35]} 45. Kf2 {[%clk 0:15:07]} Ra2+ {[%clk 0:36:54]} 46. Kg1 {[%clk 0:10:47]}
Ra1 {[%clk 0:36:57]} 1/2-1/2

[Event "European Women's Championship"]
[Site "Vysoke Tatry"]
[Date "2018.04.12"]
[Round "5"]
[White "Gara, Ticia"]
[Black "Atalik, Ekaterina"]
[Result "1/2-1/2"]
[Board "15"]
[WhiteElo "2330"]
[WhiteTitle "WGM"]
[WhiteCountry "HUN"]
[WhiteFideId "717444"]
[WhiteEloChange "3"]
[BlackElo "2452"]
[BlackTitle "IM"]
[BlackCountry "TUR"]
[BlackFideId "4130189"]
[BlackEloChange "-2"]

1. c4 {[%clk 1:30:55]} e5 {[%clk 1:29:33]} 2. g3 {[%clk 1:31:11]} Nf6 {[%clk
1:29:35]} 3. Bg2 {[%clk 1:31:23]} Nc6 {[%clk 1:29:48]} 4. Nc3 {[%clk 1:30:42]}
Bb4 {[%clk 1:29:39]} 5. Nd5 {[%clk 1:29:19]} Bc5 {[%clk 1:28:43]} 6. e3 {[%clk
1:28:56]} d6 {[%clk 1:26:32]} 7. Ne2 {[%clk 1:28:47]} Nxd5 {[%clk 1:24:35]} 8.
cxd5 {[%clk 1:28:47]} Ne7 {[%clk 1:24:39]} 9. d4 {[%clk 1:25:44]} Bb6 {[%clk
1:24:01]} 10. O-O {[%clk 1:24:13]} O-O {[%clk 1:23:47]} 11. b3 {[%clk 1:22:57]}
Re8 {[%clk 1:17:57]} 12. Bb2 {[%clk 1:16:32]} Ng6 {[%clk 1:15:33]} 13. dxe5
{[%clk 1:04:37]} Nxe5 {[%clk 1:07:43]} 14. Nd4 {[%clk 1:01:45]} Bd7 {[%clk
1:04:36]} 15. h3 {[%clk 0:56:33]} Qc8 {[%clk 0:55:03]} 16. Kh2 {[%clk 0:54:44]}
c5 {[%clk 0:50:10]} 17. dxc6 {[%clk 0:53:38]} bxc6 {[%clk 0:50:16]} 18. f4 {[%clk
0:48:02]} Ng6 {[%clk 0:47:00]} 19. e4 {[%clk 0:46:40]} Rb8 {[%clk 0:38:58]} 20.
Qh5 {[%clk 0:42:39]} f6 {[%clk 0:32:40]} 21. Rfd1 {[%clk 0:36:42]} Bc7 {[%clk
0:26:24]} 22. Rac1 {[%clk 0:31:19]} c5 {[%clk 0:23:22]} 23. Ne2 {[%clk 0:24:01]}
Bc6 {[%clk 0:21:41]} 24. Nc3 {[%clk 0:23:45]} Qb7 {[%clk 0:19:51]} 25. Nd5 {[%clk
0:22:31]} Bxd5 {[%clk 0:17:46]} 26. Qxd5+ {[%clk 0:21:39]} Qxd5 {[%clk 0:18:03]}
27. Rxd5 {[%clk 0:22:04]} a5 {[%clk 0:14:33]} 28. Bc3 {[%clk 0:18:10]} Ra8 {[%clk
0:11:31]} 29. e5 {[%clk 0:14:54]} dxe5 {[%clk 0:08:31]} 30. Rd7 {[%clk 0:07:54]}
Ra7 {[%clk 0:08:17]} 31. Bd5+ {[%clk 0:07:46]} Kh8 {[%clk 0:08:39]} 32. fxe5
{[%clk 0:07:10]} Nxe5 {[%clk 0:05:53]} 33. Bxe5 {[%clk 0:07:23]} Rxe5 {[%clk
0:05:41]} 34. Rxc5 {[%clk 0:06:30]} h5 {[%clk 0:04:57]} 35. Kg2 {[%clk 0:03:47]}
Rg5 {[%clk 0:02:39]} 36. Rdxc7 {[%clk 0:01:48]} Rxc7 {[%clk 0:03:03]} 37. Rxc7
{[%clk 0:02:16]} Rxd5 {[%clk 0:03:26]} 38. Rc2 {[%clk 0:02:00]} Kh7 {[%clk
0:02:21]} 39. Kf2 {[%clk 0:01:25]} Rd3 {[%clk 0:01:55]} 40. Rc5 {[%clk 0:30:43]}
Rd2+ {[%clk 0:32:01]} 41. Kf3 {[%clk 0:31:06]} Rxa2 {[%clk 0:32:01]} 42. Rxh5+
{[%clk 0:31:32]} Kg6 {[%clk 0:32:21]} 43. Rb5 {[%clk 0:31:40]} Ra3 {[%clk
0:31:40]} 44. Kf4 {[%clk 0:31:24]} a4 {[%clk 0:31:04]} 1/2-1/2

[Event "European Women's Championship"]
[Site "Vysoke Tatry"]
[Date "2018.04.12"]
[Round "5"]
[White "Hoang, Thanh Trang"]
[Black "Buksa, Nataliya"]
[Result "1/2-1/2"]
[Board "16"]
[WhiteElo "2437"]
[WhiteTitle "GM"]
[WhiteCountry "HUN"]
[WhiteFideId "12400149"]
[WhiteEloChange "-1"]
[BlackElo "2357"]
[BlackTitle "WGM"]
[BlackCountry "UKR"]
[BlackFideId "14123622"]
[BlackEloChange "2"]

1. d4 {[%clk 1:30:51]} d5 {[%clk 1:30:53]} 2. Nf3 {[%clk 1:30:53]} Nf6 {[%clk
1:31:16]} 3. e3 {[%clk 1:30:33]} g6 {[%clk 1:31:29]} 4. c4 {[%clk 1:30:25]} Bg7
{[%clk 1:31:51]} 5. cxd5 {[%clk 1:29:25]} Nxd5 {[%clk 1:32:15]} 6. e4 {[%clk
1:28:06]} Nb6 {[%clk 1:32:33]} 7. Be2 {[%clk 1:21:32]} Bg4 {[%clk 1:15:58]} 8. d5
{[%clk 1:08:34]} c6 {[%clk 1:08:46]} 9. h3 {[%clk 1:08:25]} Bxf3 {[%clk 1:08:27]}
10. Bxf3 {[%clk 1:08:41]} O-O {[%clk 1:08:37]} 11. O-O {[%clk 1:04:45]} cxd5
{[%clk 1:00:29]} 12. exd5 {[%clk 1:05:01]} Nc4 {[%clk 1:00:46]} 13. Nc3 {[%clk
1:03:05]} Nd7 {[%clk 1:01:11]} 14. Re1 {[%clk 1:00:07]} Rc8 {[%clk 0:56:26]} 15.
Rb1 {[%clk 0:55:54]} Re8 {[%clk 0:47:39]} 16. Ne4 {[%clk 0:45:22]} Qa5 {[%clk
0:37:58]} 17. a4 {[%clk 0:43:38]} Ndb6 {[%clk 0:33:34]} 18. b3 {[%clk 0:30:19]}
Ne5 {[%clk 0:33:16]} 19. Bd2 {[%clk 0:22:17]} Nxf3+ {[%clk 0:32:46]} 20. Qxf3
{[%clk 0:22:39]} Qxd5 {[%clk 0:31:42]} 21. Rbd1 {[%clk 0:22:29]} f5 {[%clk
0:20:44]} 22. Ng5 {[%clk 0:22:28]} Qxf3 {[%clk 0:21:11]} 23. Nxf3 {[%clk
0:22:32]} Nd5 {[%clk 0:21:17]} 24. Ba5 {[%clk 0:19:57]} Nf6 {[%clk 0:20:50]} 25.
Bb4 {[%clk 0:14:51]} e6 {[%clk 0:18:08]} 26. Bd6 {[%clk 0:12:23]} Nd5 {[%clk
0:17:17]} 27. Ng5 {[%clk 0:11:23]} Nc3 {[%clk 0:15:53]} 28. Rd3 {[%clk 0:10:51]}
Bf6 {[%clk 0:13:59]} 29. Nxe6 {[%clk 0:04:54]} Ne4 {[%clk 0:06:05]} 30. f3 {[%clk
0:02:56]} Rxe6 {[%clk 0:06:28]} 31. fxe4 {[%clk 0:03:15]} Rd8 {[%clk 0:03:58]}
32. Red1 {[%clk 0:02:59]} fxe4 {[%clk 0:04:24]} 33. Rd5 {[%clk 0:03:18]} e3
{[%clk 0:04:33]} 34. Bg3 {[%clk 0:02:13]} Rxd5 {[%clk 0:03:40]} 35. Rxd5 {[%clk
0:02:36]} Bc3 {[%clk 0:04:08]} 36. Rc5 {[%clk 0:02:01]} Bb4 {[%clk 0:02:30]} 37.
Rc1 {[%clk 0:02:15]} e2 {[%clk 0:00:40]} 38. Be1 {[%clk 0:02:27]} Bxe1 {[%clk
0:00:59]} 39. Rxe1 {[%clk 0:02:49]} Re3 {[%clk 0:01:26]} 40. b4 {[%clk 0:30:52]}
Kf7 {[%clk 0:31:16]} 41. Kf2 {[%clk 0:29:34]} Re4 {[%clk 0:28:26]} 42. Rxe2
{[%clk 0:28:08]} Rxb4 {[%clk 0:28:51]} 43. Rc2 {[%clk 0:24:30]} h5 {[%clk
0:28:59]} 44. Rc7+ {[%clk 0:23:42]} Ke6 {[%clk 0:29:14]} 45. a5 {[%clk 0:23:30]}
a6 {[%clk 0:29:28]} 46. Kf3 {[%clk 0:18:28]} Rb5 {[%clk 0:19:23]} 47. h4 {[%clk
0:17:00]} Ke5 {[%clk 0:14:52]} 48. Rg7 {[%clk 0:12:39]} Kd4 {[%clk 0:05:12]} 49.
g4 {[%clk 0:08:30]} Rxa5 {[%clk 0:04:48]} 50. Rxb7 {[%clk 0:04:44]} Rb5 {[%clk
0:04:54]} 51. Rg7 {[%clk 0:03:33]} Rb6 {[%clk 0:04:59]} 52. Rc7 {[%clk 0:02:23]}
Kd3 {[%clk 0:03:38]} 53. Kg3 {[%clk 0:01:42]} Ke4 {[%clk 0:03:18]} 54. Rc5 {[%clk
0:00:48]} Rb3+ {[%clk 0:02:15]} 55. Kg2 {[%clk 0:01:12]} hxg4 {[%clk 0:02:44]}
56. Ra5 {[%clk 0:01:26]} Rb6 {[%clk 0:03:09]} 57. Kg3 {[%clk 0:00:57]} Kd4 {[%clk
0:03:37]} 58. Kxg4 {[%clk 0:01:06]} Kc3 {[%clk 0:03:32]} 59. Ra1 {[%clk 0:01:13]}
Kb2 {[%clk 0:03:43]} 60. Ra5 {[%clk 0:01:12]} Kb3 {[%clk 0:03:11]} 61. Ra1 {[%clk
0:01:22]} Rc6 {[%clk 0:03:05]} 62. Kg5 {[%clk 0:01:29]} Rd6 {[%clk 0:03:10]} 63.
Kh6 {[%clk 0:01:16]} Kb4 {[%clk 0:03:23]} 64. Rb1+ {[%clk 0:01:29]} Kc4 {[%clk
0:02:52]} 65. Rc1+ {[%clk 0:01:40]} Kb4 {[%clk 0:03:09]} 66. Rb1+ {[%clk
0:02:06]} Kc5 {[%clk 0:02:50]} 67. Rc1+ {[%clk 0:02:30]} Kb6 {[%clk 0:03:17]} 68.
Rb1+ {[%clk 0:02:52]} Kc7 {[%clk 0:03:39]} 69. Rc1+ {[%clk 0:03:00]} Kd7 {[%clk
0:03:55]} 70. Rc5 {[%clk 0:02:18]} Rb6 {[%clk 0:01:35]} 71. Rg5 {[%clk 0:01:02]}
Ke7 {[%clk 0:01:38]} 72. Kg7 {[%clk 0:01:03]} Re6 {[%clk 0:01:35]} 73. Ra5 {[%clk
0:01:14]} Kd7 {[%clk 0:01:27]} 74. Kh6 {[%clk 0:00:58]} Kc7 {[%clk 0:01:37]} 75.
Ra1 {[%clk 0:01:20]} Rb6 {[%clk 0:01:20]} 76. Rc1+ {[%clk 0:01:35]} Kb7 {[%clk
0:01:46]} 77. Ra1 {[%clk 0:01:54]} Ka7 {[%clk 0:01:28]} 78. Kg5 {[%clk 0:02:03]}
Rb4 {[%clk 0:01:54]} 79. Rh1 {[%clk 0:02:01]} Rb6 {[%clk 0:02:20]} 80. Ra1 {[%clk
0:02:28]} Rc6 {[%clk 0:02:42]} 81. Kh6 {[%clk 0:02:12]} Re6 {[%clk 0:01:27]} 82.
Kg5 {[%clk 0:02:21]} Kb6 {[%clk 0:01:24]} 83. Rb1+ {[%clk 0:02:44]} Kc5 {[%clk
0:01:52]} 84. Rc1+ {[%clk 0:03:05]} Kb4 {[%clk 0:02:19]} 85. Rb1+ {[%clk
0:03:26]} Kc3 {[%clk 0:02:46]} 86. Ra1 {[%clk 0:03:48]} Rb6 {[%clk 0:02:53]} 87.
Kh6 {[%clk 0:03:48]} Kc2 {[%clk 0:02:59]} 88. Ra5 {[%clk 0:03:11]} Kb2 {[%clk
0:03:13]} 89. Rg5 {[%clk 0:01:15]} Rb4 {[%clk 0:03:39]} 90. Kxg6 {[%clk 0:01:13]}
Rxh4 {[%clk 0:04:06]} 91. Ra5 {[%clk 0:01:37]} 1/2-1/2

[Event "European Women's Championship"]
[Site "Vysoke Tatry"]
[Date "2018.04.12"]
[Round "5"]
[White "Theissl Pokorna, Regina"]
[Black "Tsolakidou, Stavroula"]
[Result "0-1"]
[Board "17"]
[WhiteElo "2320"]
[WhiteTitle "WGM"]
[WhiteCountry "AUT"]
[WhiteFideId "14902052"]
[WhiteEloChange "-7"]
[BlackElo "2430"]
[BlackTitle "WGM"]
[BlackCountry "GRE"]
[BlackFideId "4264312"]
[BlackEloChange "3"]

1. e4 {[%clk 1:30:57]} c5 {[%clk 1:30:55]} 2. Nf3 {[%clk 1:31:18]} d6 {[%clk
1:31:19]} 3. Bb5+ {[%clk 1:31:39]} Nd7 {[%clk 1:31:38]} 4. O-O {[%clk 1:32:02]}
a6 {[%clk 1:31:58]} 5. Bd3 {[%clk 1:32:27]} Ngf6 {[%clk 1:32:17]} 6. c3 {[%clk
1:32:43]} b5 {[%clk 1:32:26]} 7. Bc2 {[%clk 1:33:02]} Bb7 {[%clk 1:32:39]} 8. Re1
{[%clk 1:33:28]} c4 {[%clk 1:32:18]} 9. a4 {[%clk 1:33:45]} e6 {[%clk 1:32:35]}
10. d4 {[%clk 1:34:01]} cxd3 {[%clk 1:31:46]} 11. Qxd3 {[%clk 1:34:12]} b4 {[%clk
1:21:42]} 12. cxb4 {[%clk 1:28:47]} d5 {[%clk 1:22:07]} 13. exd5 {[%clk 1:25:22]}
Nxd5 {[%clk 1:01:13]} 14. Bd2 {[%clk 1:24:00]} Nxb4 {[%clk 0:47:01]} 15. Bxb4
{[%clk 1:23:30]} Bxb4 {[%clk 0:47:26]} 16. Nc3 {[%clk 1:15:56]} Nf6 {[%clk
0:45:01]} 17. Qc4 {[%clk 1:16:09]} Bxc3 {[%clk 0:39:26]} 18. Qxc3 {[%clk
1:15:58]} Rc8 {[%clk 0:39:44]} 19. Qd3 {[%clk 1:16:03]} Bxf3 {[%clk 0:39:03]} 20.
gxf3 {[%clk 1:16:30]} Qa5 {[%clk 0:34:10]} 21. b4 {[%clk 1:06:41]} Qxb4 {[%clk
0:32:35]} 22. Qxa6 {[%clk 1:06:55]} O-O {[%clk 0:27:42]} 23. Be4 {[%clk 1:02:19]}
Rc5 {[%clk 0:26:14]} 24. a5 {[%clk 0:48:32]} Qd2 {[%clk 0:24:40]} 25. Qb6 {[%clk
0:45:09]} Nxe4 {[%clk 0:09:55]} 26. fxe4 {[%clk 0:40:22]} Qc3 {[%clk 0:09:43]}
27. h4 {[%clk 0:37:10]} Ra8 {[%clk 0:05:08]} 28. a6 {[%clk 0:33:34]} Rcc8 {[%clk
0:04:46]} 29. a7 {[%clk 0:31:51]} Qf6 {[%clk 0:05:13]} 30. Qb7 {[%clk 0:30:01]}
h5 {[%clk 0:05:19]} 31. Rac1 {[%clk 0:24:41]} Rf8 {[%clk 0:05:23]} 32. Rb1 {[%clk
0:15:13]} Kh7 {[%clk 0:04:30]} 33. Qc7 {[%clk 0:11:03]} Rfc8 {[%clk 0:04:57]} 34.
Qd7 {[%clk 0:09:47]} Rc2 {[%clk 0:04:49]} 35. Rf1 {[%clk 0:06:59]} Qg6+ {[%clk
0:05:16]} 36. Kh2 {[%clk 0:07:25]} Qg4 {[%clk 0:05:14]} 37. Rb3 {[%clk 0:05:21]}
Qxh4+ {[%clk 0:05:40]} 38. Kg1 {[%clk 0:05:45]} Rc5 {[%clk 0:03:12]} 39. Rg3
{[%clk 0:04:36]} Rg5 {[%clk 0:03:13]} 40. Qb7 {[%clk 0:33:58]} Rxg3+ {[%clk
0:33:23]} 41. fxg3 {[%clk 0:34:24]} Qxg3+ {[%clk 0:33:45]} 42. Kh1 {[%clk
0:34:49]} Qh3+ {[%clk 0:34:07]} 43. Kg1 {[%clk 0:35:15]} Qe3+ {[%clk 0:34:33]}
44. Rf2 {[%clk 0:35:35]} Rxa7 {[%clk 0:34:52]} 0-1

[Event "European Women's Championship"]
[Site "Vysoke Tatry"]
[Date "2018.04.12"]
[Round "5"]
[White "Zhukova, Natalia"]
[Black "Kulon, Klaudia"]
[Result "0-1"]
[Board "18"]
[WhiteElo "2426"]
[WhiteTitle "GM"]
[WhiteCountry "UKR"]
[WhiteFideId "14101513"]
[WhiteEloChange "-6"]
[BlackElo "2319"]
[BlackTitle "WGM"]
[BlackCountry "POL"]
[BlackFideId "1131044"]
[BlackEloChange "13"]

1. d4 {[%clk 1:30:54]} Nf6 {[%clk 1:30:56]} 2. c4 {[%clk 1:30:59]} g6 {[%clk
1:31:20]} 3. Nc3 {[%clk 1:31:20]} Bg7 {[%clk 1:31:45]} 4. e4 {[%clk 1:31:32]} d6
{[%clk 1:32:09]} 5. Nf3 {[%clk 1:31:41]} O-O {[%clk 1:32:26]} 6. Be2 {[%clk
1:31:59]} e5 {[%clk 1:32:41]} 7. O-O {[%clk 1:32:11]} exd4 {[%clk 1:32:58]} 8.
Nxd4 {[%clk 1:32:33]} Re8 {[%clk 1:33:23]} 9. f3 {[%clk 1:32:44]} c6 {[%clk
1:33:48]} 10. Kh1 {[%clk 1:32:45]} Nbd7 {[%clk 1:33:54]} 11. Bf4 {[%clk 1:32:20]}
Nh5 {[%clk 1:33:20]} 12. Bxd6 {[%clk 1:31:56]} Qf6 {[%clk 1:33:15]} 13. Nb3
{[%clk 1:27:22]} Nf4 {[%clk 1:29:26]} 14. c5 {[%clk 1:26:10]} a5 {[%clk 1:24:05]}
15. Na4 {[%clk 1:23:43]} b5 {[%clk 1:08:10]} 16. cxb6 {[%clk 1:14:18]} Nxe2
{[%clk 1:06:07]} 17. Nbc5 {[%clk 1:13:14]} Nxc5 {[%clk 1:00:04]} 18. Nxc5 {[%clk
1:13:35]} Qxb2 {[%clk 0:58:54]} 19. Rb1 {[%clk 1:11:35]} Qd4 {[%clk 0:58:56]} 20.
Qxd4 {[%clk 0:38:57]} Bxd4 {[%clk 0:59:08]} 21. b7 {[%clk 0:39:22]} Bxb7 {[%clk
0:59:34]} 22. Rxb7 {[%clk 0:39:29]} Nc3 {[%clk 0:57:41]} 23. Nb3 {[%clk 0:30:52]}
Bg7 {[%clk 0:56:21]} 24. a3 {[%clk 0:30:30]} Nb5 {[%clk 0:53:53]} 25. Be7 {[%clk
0:23:02]} a4 {[%clk 0:45:44]} 26. Nd2 {[%clk 0:22:28]} Rxe7 {[%clk 0:41:59]} 27.
Rxe7 {[%clk 0:22:13]} Nxa3 {[%clk 0:42:26]} 28. e5 {[%clk 0:10:39]} Nc2 {[%clk
0:39:04]} 29. Rc7 {[%clk 0:08:14]} a3 {[%clk 0:38:38]} 30. Rxc6 {[%clk 0:05:25]}
a2 {[%clk 0:38:59]} 31. Nb3 {[%clk 0:05:52]} Nd4 {[%clk 0:38:37]} 0-1

[Event "European Women's Championship"]
[Site "Vysoke Tatry"]
[Date "2018.04.12"]
[Round "5"]
[White "Babiy, Olga"]
[Black "Bulmaga, Irina"]
[Result "0-1"]
[Board "19"]
[WhiteElo "2318"]
[WhiteTitle "WGM"]
[WhiteCountry "UKR"]
[WhiteFideId "14117258"]
[WhiteEloChange "-7"]
[BlackElo "2414"]
[BlackTitle "IM"]
[BlackCountry "ROU"]
[BlackFideId "13903063"]
[BlackEloChange "4"]

1. e4 {[%clk 1:29:18]} e5 {[%clk 1:30:50]} 2. Nf3 {[%clk 1:29:42]} Nc6 {[%clk
1:31:15]} 3. Bb5 {[%clk 1:30:07]} a6 {[%clk 1:31:39]} 4. Ba4 {[%clk 1:30:33]} Nf6
{[%clk 1:32:02]} 5. O-O {[%clk 1:30:54]} Be7 {[%clk 1:32:24]} 6. Re1 {[%clk
1:30:51]} b5 {[%clk 1:32:44]} 7. Bb3 {[%clk 1:31:17]} d6 {[%clk 1:33:08]} 8. c3
{[%clk 1:31:19]} O-O {[%clk 1:33:28]} 9. d4 {[%clk 1:31:29]} Bg4 {[%clk 1:32:27]}
10. d5 {[%clk 1:30:23]} Na5 {[%clk 1:32:02]} 11. Bc2 {[%clk 1:30:48]} c6 {[%clk
1:30:57]} 12. dxc6 {[%clk 1:31:06]} Qc8 {[%clk 1:28:33]} 13. Nbd2 {[%clk
1:30:44]} Qxc6 {[%clk 1:28:32]} 14. Nf1 {[%clk 1:30:48]} Nc4 {[%clk 1:19:51]} 15.
a4 {[%clk 1:29:11]} Nb6 {[%clk 1:17:07]} 16. a5 {[%clk 1:24:29]} Nbd7 {[%clk
1:17:08]} 17. h3 {[%clk 1:08:29]} Be6 {[%clk 1:16:49]} 18. Ng3 {[%clk 1:08:07]}
Rfe8 {[%clk 1:13:28]} 19. Nh4 {[%clk 1:00:06]} Rac8 {[%clk 1:08:50]} 20. Nhf5
{[%clk 0:55:38]} Bf8 {[%clk 1:08:57]} 21. Qf3 {[%clk 0:52:53]} d5 {[%clk
1:00:45]} 22. Bg5 {[%clk 0:36:43]} d4 {[%clk 0:54:27]} 23. Ne2 {[%clk 0:36:32]}
b4 {[%clk 0:39:07]} 24. Bxf6 {[%clk 0:31:46]} Nxf6 {[%clk 0:38:50]} 25. Nfg3
{[%clk 0:21:46]} dxc3 {[%clk 0:30:08]} 26. Ba4 {[%clk 0:21:40]} Qc5 {[%clk
0:26:48]} 27. bxc3 {[%clk 0:17:49]} b3 {[%clk 0:23:56]} 28. Bxe8 {[%clk 0:17:12]}
Nxe8 {[%clk 0:23:56]} 29. Nf5 {[%clk 0:15:09]} b2 {[%clk 0:20:16]} 30. Rab1
{[%clk 0:15:17]} Rb8 {[%clk 0:19:29]} 31. c4 {[%clk 0:09:47]} Bxc4 {[%clk
0:18:51]} 32. Qc3 {[%clk 0:10:01]} Ba2 {[%clk 0:17:14]} 33. Qd2 {[%clk 0:09:30]}
Bxb1 {[%clk 0:17:04]} 34. Rxb1 {[%clk 0:09:58]} Qb4 {[%clk 0:13:38]} 35. Qc2
{[%clk 0:09:14]} Qxa5 {[%clk 0:12:19]} 36. Ne3 {[%clk 0:09:14]} Qa2 {[%clk
0:09:10]} 37. Nd1 {[%clk 0:08:44]} Ba3 {[%clk 0:08:42]} 38. Nec3 {[%clk 0:07:54]}
Qb3 {[%clk 0:08:13]} 39. Ne3 {[%clk 0:08:04]} Qxc2 {[%clk 0:07:31]} 40. Nxc2
{[%clk 0:38:29]} Rc8 {[%clk 0:37:50]} 0-1

[Event "European Women's Championship"]
[Site "Vysoke Tatry"]
[Date "2018.04.12"]
[Round "5"]
[White "Zimina, Olga"]
[Black "Rapport, Jovana"]
[Result "1/2-1/2"]
[Board "20"]
[WhiteElo "2414"]
[WhiteTitle "IM"]
[WhiteCountry "ITA"]
[WhiteFideId "4132190"]
[WhiteEloChange "-1"]
[BlackElo "2328"]
[BlackTitle "WGM"]
[BlackCountry "SRB"]
[BlackFideId "937266"]
[BlackEloChange "2"]

1. Nf3 {[%clk 1:30:56]} Nf6 {[%clk 1:29:50]} 2. c4 {[%clk 1:31:02]} g6 {[%clk
1:30:06]} 3. Nc3 {[%clk 1:31:22]} Bg7 {[%clk 1:30:29]} 4. g3 {[%clk 1:30:31]} d6
{[%clk 1:28:29]} 5. Bg2 {[%clk 1:30:14]} O-O {[%clk 1:26:49]} 6. O-O {[%clk
1:30:37]} e5 {[%clk 1:26:00]} 7. d4 {[%clk 1:29:22]} Nbd7 {[%clk 1:25:01]} 8. b3
{[%clk 1:28:53]} Re8 {[%clk 1:20:42]} 9. e4 {[%clk 1:27:34]} exd4 {[%clk
1:20:30]} 10. Nxd4 {[%clk 1:27:59]} Nc5 {[%clk 1:20:56]} 11. Re1 {[%clk 1:27:45]}
Ng4 {[%clk 1:11:00]} 12. f3 {[%clk 1:00:09]} Ne5 {[%clk 1:05:22]} 13. Be3 {[%clk
0:59:34]} Nc6 {[%clk 1:05:37]} 14. Qd2 {[%clk 0:54:04]} Nxd4 {[%clk 0:41:06]} 15.
Bxd4 {[%clk 0:53:12]} Bxd4+ {[%clk 0:41:13]} 16. Qxd4 {[%clk 0:53:35]} Ne6 {[%clk
0:41:42]} 17. Qd2 {[%clk 0:52:42]} Ng7 {[%clk 0:34:58]} 18. Rad1 {[%clk 0:48:21]}
Be6 {[%clk 0:34:59]} 19. Qf2 {[%clk 0:45:54]} Qg5 {[%clk 0:31:42]} 20. f4 {[%clk
0:36:14]} Qa5 {[%clk 0:32:04]} 21. Nb5 {[%clk 0:30:29]} Rab8 {[%clk 0:24:15]} 22.
Qd2 {[%clk 0:18:01]} Qxd2 {[%clk 0:21:18]} 23. Rxd2 {[%clk 0:18:30]} Re7 {[%clk
0:21:45]} 24. Kf2 {[%clk 0:12:11]} a6 {[%clk 0:21:51]} 25. Nc3 {[%clk 0:11:17]}
Kf8 {[%clk 0:21:12]} 26. Bf3 {[%clk 0:10:32]} h5 {[%clk 0:20:23]} 27. Rc1 {[%clk
0:06:04]} f6 {[%clk 0:20:39]} 28. Kg2 {[%clk 0:04:44]} Ne8 {[%clk 0:14:11]} 29.
h3 {[%clk 0:04:09]} Rh7 {[%clk 0:14:24]} 30. Ne2 {[%clk 0:03:35]} c5 {[%clk
0:11:13]} 31. Nc3 {[%clk 0:01:47]} b6 {[%clk 0:07:09]} 32. Nd5 {[%clk 0:00:58]}
h4 {[%clk 0:03:15]} 33. Bg4 {[%clk 0:00:56]} f5 {[%clk 0:03:09]} 34. exf5 {[%clk
0:01:20]} gxf5 {[%clk 0:03:34]} 35. Be2 {[%clk 0:01:15]} Rg7 {[%clk 0:03:36]} 36.
Rc3 {[%clk 0:01:36]} b5 {[%clk 0:04:00]} 37. Kf2 {[%clk 0:01:31]} b4 {[%clk
0:02:21]} 38. Re3 {[%clk 0:01:59]} hxg3+ {[%clk 0:02:47]} 39. Rxg3 {[%clk
0:02:24]} Rxg3 {[%clk 0:01:10]} 40. Kxg3 {[%clk 0:32:52]} Rb7 {[%clk 0:31:38]}
41. Bf3 {[%clk 0:32:41]} a5 {[%clk 0:26:57]} 42. Kh2 {[%clk 0:18:29]} Ra7 {[%clk
0:27:08]} 43. Bd1 {[%clk 0:18:23]} Rh7 {[%clk 0:26:25]} 44. Bf3 {[%clk 0:16:18]}
Ra7 {[%clk 0:25:38]} 45. a4 {[%clk 0:13:02]} bxa3 {[%clk 0:25:01]} 46. Ra2 {[%clk
0:12:54]} Bxd5 {[%clk 0:23:22]} 47. Bxd5 {[%clk 0:10:52]} Nf6 {[%clk 0:17:12]}
48. Be6 {[%clk 0:10:07]} Nh5 {[%clk 0:17:35]} 49. Bxf5 {[%clk 0:10:10]} Nxf4
{[%clk 0:18:02]} 50. Kg3 {[%clk 0:10:00]} Nh5+ {[%clk 0:16:47]} 51. Kg4 {[%clk
0:07:57]} Nf6+ {[%clk 0:16:48]} 52. Kg5 {[%clk 0:08:08]} Kg7 {[%clk 0:17:13]} 53.
Rxa3 {[%clk 0:08:12]} d5 {[%clk 0:17:01]} 54. cxd5 {[%clk 0:07:47]} Nxd5 {[%clk
0:17:30]} 55. h4 {[%clk 0:06:57]} Ne3 {[%clk 0:16:12]} 56. Be4 {[%clk 0:06:49]}
Nd1 {[%clk 0:13:21]} 57. h5 {[%clk 0:06:51]} Nc3 {[%clk 0:13:48]} 58. h6+ {[%clk
0:06:55]} Kh8 {[%clk 0:14:14]} 59. Bg6 {[%clk 0:02:59]} Nb5 {[%clk 0:13:41]} 60.
Ra1 {[%clk 0:03:09]} Nd4 {[%clk 0:14:02]} 61. Rf1 {[%clk 0:03:10]} Ra8 {[%clk
0:14:29]} 62. Bf7 {[%clk 0:03:22]} Rb8 {[%clk 0:14:07]} 63. Rf6 {[%clk 0:01:32]}
Nxb3 {[%clk 0:13:43]} 64. Ra6 {[%clk 0:01:40]} Nd4 {[%clk 0:04:35]} 65. Rxa5
{[%clk 0:01:56]} Nf3+ {[%clk 0:04:31]} 66. Kh5 {[%clk 0:01:19]} Ne5 {[%clk
0:04:51]} 67. Be6 {[%clk 0:00:58]} Re8 {[%clk 0:05:16]} 68. Ba2 {[%clk 0:01:00]}
c4 {[%clk 0:05:26]} 69. Rc5 {[%clk 0:01:17]} Ra8 {[%clk 0:04:52]} 70. Bb1 {[%clk
0:01:31]} Re8 {[%clk 0:05:21]} 71. Bf5 {[%clk 0:01:33]} Nf7 {[%clk 0:05:28]} 72.
Rxc4 {[%clk 0:01:47]} Nd6 {[%clk 0:05:52]} 73. Rc5 {[%clk 0:01:35]} Nxf5 {[%clk
0:06:18]} 74. Rxf5 {[%clk 0:01:51]} 1/2-1/2